00724nam a2200181 a 4500003000200000005001700002008004100019050003400060100003100094245009000125260009200215300004800307504004100355650004000396650002600436650003100462650004900493020250318103837.0071127s19uu xx 00 eng d aPGS LB 1062.6.E46b.D364 2007 aDel Rosario, Kevin Lanz L. aThe emotional intelligence quotient of grade 4 students /cKevin Lanz L. Del Rosario. aLas Piñas City, Philippines : bSouthville International School and Colleges,c2007. a26 pages :bcolored illustrations ;c28 cm. aIncludes bibliographical references. aEmotional intelligence in children. aAcademic achievement. aFourth grade (Education).  aEducation, ElementaryvPsychological aspects